00476nam a2200181 a 450000100060000000300090000600800410001502000150005604000280007108200090009910000200010824500460012826000460017430000110022049000250023165000160025665000220027217496CO-ViMGA141112s2004 ck r 000 u spa d a8448001893 aCO-ViMGAbspacCO-ViMGA04aCASt1 aBalanya, Ismael10aEl caso del todo terreno y ocho casos mas aBarcelona (España), cTimun mas, c1995 a119.p. aResuelve el misterio14aADIVINANZAS14aJUEGOS INFANTILES